000 00359nam a2200133Ia 4500
008 240624s9999 xx 000 0 und d
041 _aeng
082 _a027.6 GRE
100 _aGREEN RAVONNE A
245 _aKEEP IT SIMPLE A GUIDE TO ASSISTIVE TECH
260 _c2011
_aEngland
_bLibraries Unlimited
300 _axiii, : 146 : p. : cm. ; 23
365 _c
_b30
999 _c26921
_d26921